000 03949nab a2200409 i 4500
003 BR-BrBNA
005 20250117112406.0
008 250117b2016 bl.|r|pooa||| 00| 0 eng |
040 _aBR-BrBNA
_beng
072 _aL72
_b8891
100 _aRamos, D.G.S.
100 _aSantos, A.R.G.L.O.
100 _aFreitas, L.C.
100 _aCorrea, S.H.R.
100 _aKempe, G.V.
100 _aMorgado, T.O.
100 _aAguiar, D.M.
100 _a Wolf, R.W.
100 _aRossi, R.V.
100 _aSinkoc, A.L.
100 _a Pacheco, R.C.
245 _aEndoparasites of wild animals from three biomes in the State of Mato Grosso, Brazil
500 _a Publicação online; 30 ref.; Summaries (En, Pt)
520 _a ABSTRACT - The population of wild animals is regulated by many biotic and abiotic factors, and parasites are a biotic factor that affects the dynamic and density of host populations. From 2002 to 2014, 62 wild animals from the biomes Pantanal, Amazon, and “Cerrado” (or Savanna), which died in attendance in the veterinary hospital or have been road-killed, underwent necropsy for parasitological examination. Overall, 36 species of parasites were identified from 24 host species. Among the parasites, the most prevalent order was Oxyurida (29.1%), followed by Strongylida (20.9%), Spirurida (19.4%), Ascaridida (16.2%), Pentastomida (3.2%), Echinostomida (3.2%), Gygantorhynchia (3.2%), Rhabditida (1.6%), Plagiorchiida (1.6%), and Monilimorfida (1.6%), especially nematodes, which have more biotic potential and is more easily adapted to the environment than other classes. The occurrence of endoparasites was observed more frequently in endothermic than ectothermic animals, and herein is reported eleven new host occurrences for endoparasites in wild animals. The study has contributed to the knowledge on the biodiversity of parasites in wild animals from three biomes in central-western Brazil. Keywords: helminths, parasitism, Amazon, Cerrado, Pantanal
520 _a RESUMO - Populações de animais selvagens são reguladas por diversos fatores bióticos e abióticos, e parasitas são um fator biótico que afetam a dinâmica e a densidade de populações. De 2002 até 2014, 62 animais silvestres provenientes dos biomas Pantanal, Amazônia e Cerrado, que vieram a óbito no atendimento do hospital veterinário ou foram encontrados atropelados em rodovias, foram submetidos à necropsia parasitológica. Ao todo 36 espécies de parasitas foram identificadas em 24 espécies de hospedeiros. Entre os parasitas, a ordem mais prevalente foi Oxyurida (29,1%), seguida por Strongylida (20,9%), Spirurida (19,4%), Ascaridida (16,2%), Pentastomida (3,2%), Echinostomida (3,2%), Gygantorhynchia (3,2%), Rhabditida (1,6%), Plagiorchiida (1,6%) e Monilimorfida (1,6%), destacando-se os nematódeos, por seu maior potencial biótico e facilidade de adaptação ao meio do que as demais classes. A maior ocorrência de endoparasitas foi observada em animais endotérmicos que ectotérmicos, e este estudo registra onze novas ocorrências de hospedeiros para endoparasitas de animais selvagens. O estudo contribui para o conhecimento da biodiversidade de parasitas em animais silvestres dos três biomas do Centro-Oeste do Brasil. Palavras-chave: helmintos, parasitismo, Amazônia, Cerrado, Pantanal
650 _aANIMAL SELVAGEM
650 _aHELMINTO
650 _aPARASITISMO
650 _aVETERINÁRIA
650 _aAMAZÔNIA
650 _aCERRADO
650 _aPANTANAL
773 0 _01643
_9347391
_dBelo Horizonte-MG Universidade Federal de Minas Gerais - Escola de Veterinaria 1983
_o2024-8404
_tArquivo Brasileiro de Medicina Veterinária e Zootecnia (Brazil)
_x0102-0935
_gv. 68(3) p. 571-578; (2016)
_wBR2024004451
856 _uhttps://www.scielo.br/j/abmvz/a/xWkCkmLyyfZPTR3ffkdgrJR/?format=pdf&lang=en
942 _cANA
999 _c329606
_d329606